Ibiza Municipalities - Statistics

General Stats
  • This quiz has been taken 9 times
  • The average score is 4 of 5
Answers on the Map
Answers color-coded by a green-red scale on the quiz's map according to % correct below.
 
Answer Stats
Answer % Correct
Ibiza
100%
Sant Antoni de Portmany
83%
Santa Eulària des Riu
67%
Sant Josep de sa Talaia
67%
Sant Joan de Labritja
50%
No matching quizzes found
Score Distribution
Percent of People with Each Score
Percentile by Number Answered
Your Score History
You have not taken this quiz